00371nam a2200145Ia 4500008004000000020001800040082001500058100003400073245002900107260004000136300001200176650001400188650001500202650000800217210210b2003 xxu||||| |||| 00| 0 eng d a1 4051 2771 6 a612.3 GIBN aGIBNEY (Michael J) and Others aNutrition and metabolism aOxfordbBlackwell Science Ltdc2003 axiv,385 aNutrition ametabolism aand